000 00536nam a22002297a 4500
003 UA-OsUOA
001 222
007 ta
008 20050525b un ||||| |||| 00| 0 ukr d
100 _aСеменов Ю.С.
090 _a821.161.1
_bС30
942 _cBK
040 _aUA-OsUOA
_bukr
_cUA-OsUOA
_dUA-OsUOA
245 _aГоріння
_bРоман- хроника
300 _a623 с.
955 _a3
041 _aukr
080 _a821.161.1
260 _aК.
_bРад.школа
_c1987
650 7 _2UDC
999 _c286389
_d286389